zpět

Detail výsledku týmu

Bar 12 opic, Prostějov

Datum a čas kvízu

39 Celkem bodů Celkový počet nahraných bodů na tomto kvízu bez doplňovacích otázek.
1. Pořadí na kvízu Konečné umístění týmu na tomto kvízu.

Zaznamenané odpovědi

# Otázka Odpověď Body Výsledky
1. Poslední únorový den oslavila... 100. narozeniny 0
2. Pouze pět států na středečním... Severní Korea (KLDR) 1
3. Kolik sošek Českého lva získal... osm ocenění (sedm či devět za půl bodu) 0
4. Jak se jmenuje muž na fotograf... Tomáš Čupr 1
5. V hokejové soutěži AHL 21letý... je to brankář (gól vstřelil přes celé kluziště) 1
6. Detektiv Sherlock Holmes z per... D 1
7. Belgický spisovatel Georges Si... Jules Maigret [žyl megré] 1
8. Americký spisovatel Jeffery De... A) je ochrnutý 1
9. Přiřaďte následující spisovate... 1A 2B 3D 4C 0
10. Seriál Devadesátky se setkal s... C) Ivan Pauřík 1